LEADER 02492nam a2200445 u 4500 001 000000014209 003 CaOOAMICUS 005 20090520105336.0 008 941201s1955 fr u000 u fre u 035 $a10337705 040 $aPUL(R)$bita$dEFR 041 1 $afre$alat 100 0 $aAugustinus,$cs., vesc. d'Ippona,$d354-430.$0(OLS)http://pul/name/1290 240 10$aDe Trinitate$9(Augustinus, s., vesc. d'Ippona, 354-430).$lFrançaise and Latin.$0(OLS)http://pul/title/20450 245 13$aLa Trinité (livres I-VII).$n1,$pLe mystère /$ctexte de l'édition bénédictine, traduction et notes par M. Mellet et Th. Camelot ; introduction par E. Hendrikx. 246 30$aMystère 246 32$aOeuvres de saint Augustin 260 $aParis :$bDesclée de Brouwer,$c1955. 300 $a612 p. ;$c18 cm 490 1 $aBibliothèque augustinienne., Oeuvres de Saint Augustin.$aDeuxième série, Dieu et son oeuvre ;$v15 500 $aIndex: p. 593-606. 504 $aBibliographie: 77-83. 700 1 $aCamelot, Pierre Thomas,$cO.P.,$d1901-$0(OLS)http://pul/name/1430 700 1 $aMellet, M.,$cO.P.$0(OLS)http://pul/name/13215 700 1 $aHendrikx, Ephraem,$cO.E.S.A.$0(OLS)http://pul/name/13214 800 0 $aAugustinus,$cs., vesc. d'Ippona,$d354-430.$tWorks$9(Augustinus, s., vesc. d'Ippona, 354-430)$lFrançaise and Latin ;$v15.$0(OLS)http://pul/nameTitle/22$0(OLS)http://pul/name/1292$0(OLS)http://pul/title/5261 830 0$aBibliothèque augustinienne.$pOeuvres de Saint Augustin.$nDeuxième série,$pDieu et son oeuvre ;$v15.$0(OLS)http://pul/title/20449 850 $aPUL 852 $aPUL$W1$xSL Religione 1$y3$m17 L 15$j19966$nBK-PRI$b $qStampati$B19966$CPULBib$Z2$F19966 $H $81 852 $aPUL$W1$xDP1 Fondo Ciprotti$y59$m1535 C 23$j133249$a2. copia$qFondi$B132276$CPULBib$Z2$F132276 $H836 $82 900 $aAgostino,$cs., vesc. d'Ippona,$d354-430$91290 900 $aAgostino, Aurelio,$cs., vesc. d'Ippona$d354-430$91290 900 $aAgostino,$cs., vesc. d'Ippona,$d354-430$91290 900 $aAgostino, Aurelio,$cs., vesc. d'Ippona$d354-430$91290 941 1 $a8 941 1 $a1 996 $6245$aLa Trinité (livres I-VII).$n1,$pLe mystère$9(OLS)http://pul/title/20451 996 $6246$aMystère$9(OLS)http://pul/title/20452 996 $6246$aOeuvres de saint Augustin$9(OLS)http://pul/title/1880 996 $6260$aParis :$bDesclée de Brouwer$9(OLS)http://pul/publisher/49456 LEADER 01168nam a2200301 a 4500 001 000000160121 003 CaOOAMICUS 005 20170410153218.0 008 170410s2017 it 000 u ita r 020 $a978-88-99354-16-9* 032 $aLibriCat 040 $aPUL$bita 082 14$a241.4 100 1 $aAsolan, Paolo,$csacerdote,$d1967-$0(OLS)http://pul/name/70710 245 10$aSette lezioni sulla carità / $cPaolo Asolan . 260 $aTreviso :$bSan Liberale,$c©2017. 300 $a139 p. ; $c21 cm. 504 $aBibliografia in nota a piè pagina. 650 4$aCarità.$0(OLS)http://pul/subject/670 650 4$aVirtù teologali.$0(OLS)http://pul/subject/12274 850 $aPUL 852 $aPUL$W1$xSL Religione 3$y85$m241. 4 ASOPA 1$j183721$qDDC 21$B186929$CPULBib$Z2$F186929 $H129420 $81 941 1 $a9 996 $6020$a978-88-99354-16-9*$9(OLS)http://pul/number/162458 996 $6082$a241.4$9(OLS)http://pul/classification/1773 996 $6245$aSette lezioni sulla carità / $9(OLS)http://pul/title/199766 996 $6260$aTreviso :$bSan Liberale$9(OLS)http://pul/publisher/86218